| 000 | 01136nam a22002897a 4500 | ||
|---|---|---|---|
| 005 | 20121112114056.0 | ||
| 008 | 101019t xxu||||| |||| 00| 0 hin d | ||
| 010 | _aHIN-97946 | ||
| 020 |
_c350.00 _a9788188459476 |
||
| 035 | _aHN-70292 | ||
| 037 | _bDBAD / PUB | ||
| 040 |
_aDPL _bHN |
||
| 082 | _a808.88 | ||
| 100 |
_923632 _aअजीत सिंह 'बजरंगी' |
||
| 245 |
_aहस्तियो के लव लेटर्रर्रर्रर्रर / _cअजीत सिंह 'बजरंगी' |
||
| 260 |
_aदिल्ली _bशुभदा प्रकाशन _c2011 |
||
| 270 |
_bदिल्ली _a1/11052-ए,सुभाष पार्क, शहादरा _e110032 |
||
| 300 | 1 |
_a280पृ. _c21सेमी (सजिल्द) |
|
| 650 | _9657 | ||
| 650 | _9698 | ||
| 700 | _948760 | ||
| 700 | _953579 | ||
| 710 | _934811 | ||
| 710 | _935049 | ||
| 942 |
_2ddc _cHN _mअजीत _h808.88 |
||
| 999 |
_c72640 _d72640 |
||